Paroles - Je fais silence - Statistiques

Statistiques générales
  • Ce quiz a été pris 8 fois
  • Le résultat moyen est 119 sur 149
Statistiques - réponses
Paroles % Correct
à
100%
en
100%
En
100%
es
100%
fais
100%
Je
100%
je
100%
moi
100%
Mon
100%
silence,
100%
t’
100%
tu
100%
Tu
100%
aime,
88%
Dieu
88%
pense
88%
toi
88%
C’
63%
est
63%
l’
63%
nous
63%
se
63%
te
63%
De
50%
la
50%
mes
50%
as
38%
avec
38%
comme
38%
Comme
38%
Et
38%
Pour
38%
pour
38%
un
38%
veux
38%
confie
25%
être
25%
Que
25%
tait
25%
tous
25%
tout
25%
vie
25%
amis
13%
bras
13%
donnée
13%
écouter
13%
elle
13%
Merci
13%
parler
13%
secret
13%
tendre
13%
grandit
0%
murmurer
0%
Aucun quiz correspondant
Distribution des résultats
% des personnes avec chaque résultat
Percentile par nombre de réponses
Votre historique - résultats
Vous n’avez pas pris ce quiz